Golf Score Terms - Statistics

General Stats
  • This quiz has been taken 114 times
  • The average score is 6 of 6
Answer Stats
Score Term % Correct
2 under par Eagle
98%
1 under par Birdie
97%
1 over par Bogey
95%
3 under par Albatross
94%
2 over par Double Bogey
91%
3 over par Triple Bogey
90%
No matching quizzes found
Score Distribution
Percent of People with Each Score
Percentile by Number Answered
Your Score History
You have not taken this quiz